000 00618nas a2200217 a 4500
001 000472688
003 AM-YeHGA
005 20250617133907.0
008 051020c19279999fr |rzp 0 0arm d
040 _aAM-YeHGA
041 0 _aarm
222 0 _aԴրոշակ
245 0 0 _aԴրոշակ :
_cՀայ Հեղափոխական Դաշնակցության օրգան.
260 _aՓարիզ :
_bԱ.հ.,
_c1927-.
300 _aհ.
362 0 _a1927-
650 0 4 _aԱմսագիր
650 1 4 _aՔաղաքականություն
_zՀայաստան
_vՊարբերականներ
942 _2udc
_cCR
090 _c174406
999 _c172965
_d172965